| 000 | 00535nam a2200205 a 4500 | ||
|---|---|---|---|
| 001 | 1066 | ||
| 003 | CDMR | ||
| 005 | 20150120163548.0 | ||
| 008 | 130130s1973||||||||||||||||||||||||||||d | ||
| 020 | _a8425303168 | ||
| 040 |
_aCDMR _bcat _cCDMR |
||
| 100 | 1 |
_aTalese, Gay _9838 |
|
| 245 | 1 | 3 | _aEl reino y el poder |
| 260 |
_aBarcelona _c1973 _bGrijalbo |
||
| 490 | 0 | _aBestsellers | |
| 610 | 0 | 4 |
_94099 _aNew York Times (Diari) |
| 650 | 0 | 4 |
_93074 _aPeriodistes _vBiografia |
| 650 | 0 | 4 |
_9257 _aPremsa _zEstats Units d'Amèrica |
| 942 |
_cMON _2udc |
||
| 999 |
_c1066 _d1066 |
||